[Event "BCF-chT3N 1819 (4NCL)"]
[Site "England"]
[Date "2019.05.04"]
[Round "9.22"]
[White "Whyte, Brian G"]
[Black "Celinski, Kamil"]
[Result "1-0"]
[WhiteElo "2072"]
[BlackElo "2177"]
[PlyCount "95"]
[EventDate "2018.11.10"]
[EventType "team-swiss"]
[EventRounds "11"]
[EventCountry "ENG"]
[SourceTitle "EXT 2021"]
[Source "ChessBase"]
[SourceDate "2020.10.23"]
[SourceVersion "1"]
[SourceVersionDate "2020.10.23"]
[SourceQuality "1"]
[WhiteTeam "Shropshire"]
[BlackTeam "Manchester Manticores II"]
[WhiteTeamCountry "ENG"]
[BlackTeamCountry "ENG"]

1. Nf3 Nf6 2. c4 g6 3. Nc3 Bg7 4. e4 d6 5. d4 0-0 6. Be2 c5 7. 0-0 cxd4 8. Nxd4 Nc6 9. Be3 Bd7 10. Rc1 Rc8 11. f3 a6 12. Qd2 Re8 13. Rfd1 h5 14. Qe1 Nh7 15. Qf2 Ne5 16. b3 Qa5 17. b4 Qxb4 18. Nd5 Qa5 19. Bf1 Ba4 20. Nb3 Bxb3 21. axb3 Nd7 22. b4 Qd8 23. c5 e6 24. Nc3 dxc5 25. bxc5 Qe7 26. Na4 Ne5 27. Nb6 Rcd8 28. h3 Nc6 29. Nc4 Rxd1 30. Rxd1 Rd8 31. Rxd8+ Qxd8 32. Nd6 Qd7 33. f4 Nf6 34. Qc2 Qc7 35. Qb1 Nd8 36. Be2 Bf8 37. e5 Nd5 38. Qc1 Nc6 39. Bf3 Ncb4 40. Bd2 Nd3 41. Qc4 Nxc5 42. Bxd5 exd5 43. Qxd5 b5 44. f5 gxf5 45. Ne8 Qe7 46. Nf6+ Kh8 47. Qf3 Bh6 48. Qxh5 1-0

[Event "BCF-chT3Sb 1617 (4NCL)"]
[Site "England"]
[Date "2017.02.11"]
[Round "5.62"]
[White "Moore, Graham J"]
[Black "Whyte, Brian G"]
[Result "1-0"]
[WhiteElo "2106"]
[BlackElo "2080"]
[PlyCount "143"]
[EventDate "2016.11.26"]
[EventType "team-tourn"]
[EventRounds "11"]
[EventCountry "ENG"]
[SourceTitle "EXT 2019"]
[Source "ChessBase"]
[SourceDate "2018.10.10"]
[SourceVersion "1"]
[SourceVersionDate "2018.10.10"]
[SourceQuality "1"]
[WhiteTeam "Anglian Avengers II"]
[BlackTeam "Shropshire"]
[WhiteTeamCountry "ENG"]
[BlackTeamCountry "ENG"]

1. e4 e6 2. d4 d5 3. Nc3 dxe4 4. Nxe4 Bd7 5. Nf3 Bc6 6. Bd3 Nd7 7. Qe2 Ngf6 8. Bg5 Be7 9. 0-0-0 Nxe4 10. Bxe7 Qxe7 11. Bxe4 Bxe4 12. Qxe4 0-0-0 13. Rhe1 Nf6 14. Qe2 c6 15. Ne5 Nd7 16. Nc4 Nb6 17. Nxb6+ axb6 18. Qe4 Qd6 19. Qg4 h5 20. Qf3 Rd7 21. Re5 g6 22. Rd3 Rhd8 23. Qe3 Qc7 24. h4 Rd5 25. f4 b5 26. a3 R8d7 27. g3 Qb6 28. Rxd5 Rxd5 29. c3 Qd8 30. Rd2 Rf5 31. Qe4 Qd5 32. Qxd5 Rxd5 33. b3 Kd7 34. Kb2 c5 35. Kc2 c4 36. Re2 Kc6 37. Re1 Rd8 38. Kb2 Rd5 39. Rb1 Rd8 40. bxc4 bxc4 41. a4 Kd5 42. Re1 Kc6 43. Ka3 Ra8 44. Re5 b6 45. Kb4 Ra7 46. a5 Ra6 47. Rb5 bxa5+ 48. Rxa5 Rb6+ 49. Kxc4 Rb7 50. d5+ exd5+ 51. Rxd5 Rb2 52. f5 Ra2 53. fxg6 fxg6 54. Rg5 Ra4+ 55. Kd3 Ra1 56. Rxg6+ Kd7 57. c4 Rd1+ 58. Ke4 Rc1 59. Kd5 Rd1+ 60. Kc5 Rd3 61. Rg7+ Kd8 62. Kc6 Rc3 63. c5 Rb3 64. Rg5 Rc3 65. Rxh5 Rxg3 66. Rd5+ Ke7 67. Rh5 Rb3 68. Kc7 Rc3 69. c6 Ke6 70. Kb7 Kd6 71. Rh6+ Ke7 72. c7 1-0

[Event "BCF-chT3Sb 1617 (4NCL)"]
[Site "England"]
[Date "2017.01.15"]
[Round "4.62"]
[White "Whyte, Brian G"]
[Black "Forster, Matthew"]
[Result "0-1"]
[WhiteElo "2080"]
[BlackElo "1813"]
[PlyCount "61"]
[EventDate "2016.11.26"]
[EventType "team-tourn"]
[EventRounds "11"]
[EventCountry "ENG"]
[SourceTitle "EXT 2019"]
[Source "ChessBase"]
[SourceDate "2018.10.10"]
[SourceVersion "1"]
[SourceVersionDate "2018.10.10"]
[SourceQuality "1"]
[WhiteTeam "Shropshire"]
[BlackTeam "Sussex Martlets II"]
[WhiteTeamCountry "ENG"]
[BlackTeamCountry "ENG"]

1. e4 c5 2. Nf3 g6 3. d4 cxd4 4. Nxd4 Bg7 5. Nc3 Nc6 6. Nb3 d6 7. Be2 Nf6 8. 0-0 0-0 9. Re1 a6 10. Bf1 b5 11. Nd5 Bb7 12. Bg5 Nd7 13. c3 Re8 14. a4 bxa4 15. Rxa4 h6 16. Bh4 Nb6 17. Ra2 g5 18. Bg3 e6 19. Ne3 Ne5 20. f3 Qc7 21. Na5 d5 22. Nxb7 Qxb7 23. exd5 Nxd5 24. Nxd5 exd5 25. h4 Re6 26. hxg5 hxg5 27. Qd2 Qe7 28. Ra5 Qc7 29. Qxd5 Rd8 30. Qc5 Nxf3+ 31. Kh1 0-1

[Event "BCF-chT3Sa 1516 (4NCL)"]
[Site "England"]
[Date "2016.02.14"]
[Round "6.76"]
[White "Whyte, Brian G"]
[Black "Byron, Alan M"]
[Result "1/2-1/2"]
[WhiteElo "2155"]
[BlackElo "2122"]
[PlyCount "43"]
[EventDate "2015.11.14"]
[EventType "team-swiss"]
[EventRounds "7"]
[EventCountry "ENG"]
[SourceTitle "EXT 2017"]
[Source "ChessBase"]
[SourceDate "2016.10.25"]
[SourceVersion "1"]
[SourceVersionDate "2016.10.25"]
[SourceQuality "1"]
[WhiteTeam "Shropshire"]
[BlackTeam "The Rookies"]
[WhiteTeamCountry "ENG"]
[BlackTeamCountry "ENG"]

1. e4 c5 2. g3 Nc6 3. Bg2 e5 4. Ne2 h5 5. h4 d6 6. c3 g6 7. d4 Bh6 8. dxc5 dxc5 9. Qxd8+ Kxd8 10. Bxh6 Nxh6 11. Nc1 b6 12. Nd2 Ke7 13. Bf1 Bb7 14. f3 f5 15. Be2 Rad8 16. Nd3 Rd7 17. Nf2 Rhd8 18. 0-0-0 Ng8 19. Nc4 Nf6 20. Rxd7+ Rxd7 21. Rd1 Rxd1+ 22. Kxd1 1/2-1/2

[Event "RA-2012-0-00192"]
[Site "LSS email"]
[Date "2012.02.28"]
[Round "?"]
[White "Zielinski, Sergej"]
[Black "Whyte, Brian G"]
[Result "1-0"]
[WhiteElo "2145"]
[BlackElo "2265"]
[PlyCount "91"]
[EventDate "2012.02.14"]
[EventType "tourn (corr)"]
[EventRounds "6"]
[EventCountry "GER"]
[SourceTitle "Corr 2015"]
[Source "ChessBase"]
[SourceDate "2015.07.17"]
[SourceVersion "1"]
[SourceVersionDate "2015.07.17"]
[SourceQuality "1"]

1. c4 e5 2. Nc3 Nf6 3. Nf3 Nc6 4. g3 Bb4 5. Bg2 0-0 6. 0-0 e4 7. Ng5 Bxc3 8. bxc3 Re8 9. f3 exf3 10. Nxf3 d6 11. d3 h6 12. Nd4 Ne5 13. Rb1 Rb8 14. h3 c5 15. Nf5 Re6 16. d4 cxd4 17. cxd4 Nxc4 18. Bxh6 gxh6 19. Qc1 d5 20. Qxh6 Qf8 21. Qg5+ Kh8 22. Rf4 Nh7 23. Rh4 Qg8 24. Qf4 Rxe2 25. Nh6 Qg6 26. Rf1 Rxg2+ 27. Kxg2 Qe4+ 28. Qxe4 dxe4 29. Rxf7 Be6 30. Re7 Rf8 31. Ng4 Bf5 32. Rxb7 Nd6 33. Re7 Rf7 34. Rxf7 Nxf7 35. Nh6 Bg6 36. Rg4 Kg7 37. Nf5+ Kf6 38. Nh4 Bh5 39. Rf4+ Kg7 40. g4 Bg6 41. Nxg6 Kxg6 42. Rxe4 Kf6 43. h4 Nd6 44. g5+ Kf5 45. Re5+ Kg4 46. g6 1-0